000 00283nam a22001337a 4500
008 171013b xxu||||| |||| 00| 0 eng d
020 _a9780205326006
041 _aeng
080 _25TH
_a316
100 _a51
101 _aSOC
245 _aSOCIOLOGY
_cNYDEN,G.E
942 _2udc
_cBK
999 _c33717
_d33717